[Event "Torneo Internazionale"]
[Site "Manila PHI"]
[Date "1973.10.16"]
[Round "1"]
[White "Ardiansyah, Haji"]
[Black "Tatai, Stefano"]
[Result "0-1"]
[WhiteElo "2350"]
[BlackElo "2430"]
[PlyCount "100"]
[EventDate "1973.10.16"]

1. e4 e5 2. Nf3 Nc6 3. Bb5 a6 4. Ba4 Nf6 5. O-O Be7 6. Re1 b5 7. Bb3 d6 8. c3
O-O 9. h3 Na5 10. Bc2 c5 11. d4 Nd7 12. Nbd2 cxd4 13. cxd4 Nc6 14. Nf1 exd4 15.
Nxd4 Nxd4 16. Qxd4 Ne5 17. f4 Nc6 18. Qd1 Bf6 19. Ne3 Be6 20. f5 Bd7 21. Ng4
Bd4+ 22. Kh1 Qh4 23. Bb3 Ne5 24. Bf4 Bc6 25. Qxd4 Nxg4 26. Kg1 Nf6 27. Bxd6
Rad8 28. Qe5 Rfe8 29. Be7 Rd2 30. Bxf7+ Kh8 31. Kh1 Qf2 32. Rg1 Bxe4 33. Qh2
Rxe7 34. Be6 Qd4 35. Rae1 Qd6 36. Qxd6 Rxd6 37. Rd1 Rxd1 38. Rxd1 g6 39. Rd6
gxf5 40. Rxa6 Kg7 41. Kh2 Rc7 42. Kg3 Nh5+ 43. Kh4 Nf4 44. g4 Ng6+ 45. Kg5 f4
46. Bf5 f3 47. Rd6 f2 48. Rd1 Bf3 49. Rf1 h6+ 50. Kh5 Rc5 0-1

[Event "Torneo Internazionale"]
[Site "Manila PHI"]
[Date "1973.10.18"]
[Round "2"]
[White "Tatai, Stefano"]
[Black "De Castro, Edgar"]
[Result "1-0"]
[WhiteElo "2430"]
[BlackElo "2285"]
[PlyCount "73"]
[EventDate "1973.10.16"]

1. d4 Nf6 2. c4 e6 3. Nf3 c5 4. d5 exd5 5. cxd5 g6 6. Nc3 Bg7 7. Bf4 d6 8. Qa4+
Bd7 9. Qb3 Qc7 10. e4 O-O 11. Be2 Nh5 12. Be3 Bg4 13. O-O a6 14. h3 Bxf3 15.
Bxf3 Nd7 16. Bxh5 gxh5 17. Qd1 f5 18. f4 Rae8 19. e5 dxe5 20. d6 Qc6 21. fxe5
Rxe5 22. Bf4 Re6 23. Qxh5 Rg6 24. Qe2 Bd4+ 25. Kh1 Kh8 26. Rf3 Rfg8 27. Re1 b5
28. Nd1 Nf6 29. Be5 Rxg2 30. Qxg2 Rxg2 31. Kxg2 Bxe5 32. Rxe5 Qxd6 33. Rexf5
Qxd1 34. Rxf6 Qd2+ 35. Rf2 Qd5+ 36. Kh2 Qxa2 37. Rg2 1-0

[Event "Torneo Internazionale"]
[Site "Manila PHI"]
[Date "1973.10.19"]
[Round "3"]
[White "Naranja, Renato"]
[Black "Tatai, Stefano"]
[Result "1/2-1/2"]
[WhiteElo "2420"]
[BlackElo "2430"]
[PlyCount "93"]
[EventDate "1973.10.16"]

1. c4 g6 2. d4 Bg7 3. Nf3 Nf6 4. Nc3 O-O 5. e4 d6 6. Be2 e5 7. d5 a5 8. O-O Na6
9. Ne1 Nc5 10. f3 Ne8 11. Nd3 f5 12. Be3 b6 13. a3 Nf6 14. Nxc5 bxc5 15. Rb1
Rb8 16. Bd3 Bd7 17. a4 f4 18. Bd2 Ra8 19. Nb5 Ne8 20. Qe1 c6 21. dxc6 Bxc6 22.
Rd1 Bf6 23. Bc2 Bh4 24. Qe2 Ra6 25. Bc3 Bd7 26. Rd3 Rf6 27. Rfd1 Re6 28. Qd2
Be7 29. Rd5 Nf6 30. Rd3 Qb6 31. b3 Bf8 32. Qe1 Bc8 33. R3d2 Ne8 34. Qh4 Be7 35.
Qf2 g5 36. g4 Rh6 37. Qf1 Qb8 38. h3 Ng7 39. Rh2 Ne6 40. Qd3 Bb7 41. Kg2 Qd8
42. Qe2 Qb6 43. Qd2 Nf8 44. Qd3 Re6 45. Rdh1 Ng6 46. Be1 Kg7 47. Qf1 1/2-1/2

[Event "Torneo Internazionale"]
[Site "Manila PHI"]
[Date "1973.10.24"]
[Round "6"]
[White "Lombardy, William James"]
[Black "Tatai, Stefano"]
[Result "1-0"]
[WhiteElo "2520"]
[BlackElo "2430"]
[PlyCount "82"]
[EventDate "1973.10.16"]

1. e4 e5 2. Nc3 Nc6 3. Bc4 Nf6 4. d3 Bb4 5. Nge2 d6 6. a3 Bxc3+ 7. Nxc3 Nd4 8.
O-O c6 9. Ne2 Bg4 10. f3 Nxe2+ 11. Qxe2 Be6 12. Bxe6 fxe6 13. Be3 c5 14. c3 O-O
15. Rad1 Qc7 16. d4 c4 17. dxe5 dxe5 18. Rd2 Rfd8 19. Rfd1 b5 20. Rxd8+ Rxd8
21. Rxd8+ Qxd8 22. Bxa7 Qc7 23. Bf2 Nd7 24. Qe3 h6 25. g3 Kh7 26. Kg2 Qc6 27.
Qa7 Kg6 28. h4 Kh7 29. Be3 Kg6 30. g4 Kh7 31. h5 Qc8 32. a4 bxa4 33. Qxa4 Nf6
34. b3 cxb3 35. Qxb3 g6 36. Qb4 gxh5 37. Qe7+ Kg6 38. Bxh6 Qg8 39. g5 Ne8 40.
Qc5 Qf7 41. Qxe5 Qd7 1-0

[Event "Torneo Internazionale"]
[Site "Manila PHI"]
[Date "1973.10.26"]
[Round "8"]
[White "Wotulo, Max Arie"]
[Black "Tatai, Stefano"]
[Result "0-1"]
[WhiteElo "2330"]
[BlackElo "2430"]
[PlyCount "102"]
[EventDate "1973.10.16"]

1. c4 g6 2. Nc3 Bg7 3. e4 d6 4. d4 Nf6 5. Be2 O-O 6. Bg5 c5 7. Nf3 h6 8. Be3
Ng4 9. Bf4 cxd4 10. Nxd4 Qb6 11. Bxg4 Bxg4 12. Qxg4 Qxb2 13. O-O Qxc3 14. Nb5
Qxc4 15. Rab1 Qc8 16. Qe2 Nc6 17. Qd2 Kh7 18. Rfc1 Qd7 19. h4 Rfc8 20. h5 a6
21. Na3 b5 22. hxg6+ fxg6 23. Nc2 Qe6 24. Rb3 Ne5 25. Nd4 Rxc1+ 26. Qxc1 Qc4
27. Qd1 Qxd4 28. Qxd4 Nf3+ 29. gxf3 Bxd4 30. a4 bxa4 31. Ra3 Rf8 32. Bg3 Bc5
33. Rxa4 Rxf3 34. Kg2 Ra3 35. Rc4 g5 36. e5 h5 37. exd6 exd6 38. f3 Ra2+ 39.
Kh3 Kg6 40. Re4 Ra3 41. Kg2 a5 42. Bxd6 Ra2+ 43. Kh3 Bxd6 44. Re6+ Kf5 45. Rxd6
g4+ 46. fxg4+ hxg4+ 47. Kg3 Ra3+ 48. Kg2 a4 49. Rd5+ Kf4 50. Rd4+ Kg5 51. Rd8
Rc3 0-1

[Event "Torneo Internazionale"]
[Site "Manila PHI"]
[Date "1973.10.29"]
[Round "9"]
[White "Tatai, Stefano"]
[Black "Larsen, Bent"]
[Result "0-1"]
[WhiteElo "2430"]
[BlackElo "2620"]
[PlyCount "82"]
[EventDate "1973.10.16"]

1. e4 c5 2. Nf3 e6 3. d4 cxd4 4. Nxd4 Nf6 5. Nc3 d6 6. Be3 a6 7. a4 b6 8. Bd3
Bb7 9. O-O Nbd7 10. Qe2 Be7 11. Kh1 Nc5 12. Bd2 O-O 13. b4 Nxd3 14. cxd3 Nd7
15. Rac1 Bf6 16. Be3 Qe7 17. Na2 Rfc8 18. f3 d5 19. Qd2 h6 20. Rxc8+ Rxc8 21.
Rc1 Rxc1+ 22. Nxc1 Qd6 23. Ncb3 Be7 24. a5 Qxb4 25. Qxb4 Bxb4 26. axb6 a5 27.
Bd2 Bxd2 28. Nxd2 a4 29. Nc2 Kf8 30. Kg1 Ke7 31. Kf2 Kd6 32. Ke3 e5 33. Nb1
Nxb6 34. Nba3 Kc5 35. g3 Bc8 36. Kd2 Be6 37. Kc3 d4+ 38. Kb2 f5 39. Nb1 fxe4
40. fxe4 Bb3 41. Nd2 Bxc2 0-1

[Event "Torneo Internazionale"]
[Site "Manila PHI"]
[Date "1973.11.02"]
[Round "12"]
[White "Gheorghiu, Florin"]
[Black "Tatai, Stefano"]
[Result "0-1"]
[WhiteElo "2550"]
[BlackElo "2430"]
[PlyCount "104"]
[EventDate "1973.10.16"]

1. e4 e6 2. d4 d5 3. Nc3 Nf6 4. e5 Nfd7 5. f4 c5 6. Nf3 Nc6 7. Be3 Qb6 8. Na4
Qa5+ 9. c3 cxd4 10. b4 Nxb4 11. cxb4 Bxb4+ 12. Bd2 Bxd2+ 13. Nxd2 b6 14. Kf2
Ba6 15. Bxa6 Qxa6 16. Rc1 O-O 17. Nf3 Rfc8 18. Qxd4 b5 19. Nc5 Nxc5 20. Rxc5
Rxc5 21. Qxc5 Rc8 22. Qe7 Qxa2+ 23. Kg3 h6 24. f5 Qc2 25. Qd7 b4 26. Ra1 Rc7
27. Qd8+ Kh7 28. Ra2 Qc5 29. fxe6 fxe6 30. Ra6 b3 31. Qb8 Qc2 32. Rxe6 b2 33.
Re8 Qg6+ 34. Kh3 Qf5+ 35. Kg3 b1=Q 36. Rh8+ Kg6 37. Qxc7 Kh5 38. h3 Qb2 39.
Qxg7 Qg6+ 40. Qxg6+ Kxg6 41. Rd8 a5 42. Rd6+ Kg7 43. Rd7+ Kf8 44. Ra7 Qb4 45.
Ra8+ Ke7 46. Ra7+ Kd8 47. Ra8+ Kc7 48. e6 Kb7 49. Rd8 Qe4 50. Rd7+ Kc8 51. Ra7
Qxe6 52. Rxa5 Qd6+ 0-1

[Event "Torneo Internazionale"]
[Site "Manila PHI"]
[Date "1973.11.04"]
[Round "14"]
[White "Torre, Eugenio"]
[Black "Tatai, Stefano"]
[Result "1-0"]
[WhiteElo "2430"]
[BlackElo "2430"]
[PlyCount "63"]
[EventDate "1973.10.16"]

1. e4 e6 2. d3 c5 3. Nf3 Nc6 4. g3 d5 5. Qe2 Nge7 6. Bg2 g6 7. O-O Bg7 8. e5
Qc7 9. Re1 h6 10. Na3 a6 11. c3 b5 12. Nc2 a5 13. h4 b4 14. Bf4 Ba6 15. Ne3 Qb6
16. c4 O-O-O 17. Rac1 Kb8 18. cxd5 Nxd5 19. Nxd5 Rxd5 20. Nd2 Rxd3 21. Nc4 Bxc4
22. Rxc4 Rhd8 23. Rec1 Bf8 24. Be3 Nd4 25. Qf1 Nc6 26. Bxc5 Bxc5 27. Rxc5 Na7
28. Kh2 R8d4 29. Qe2 h5 30. Qc2 Rd8 31. Rc7 Rc3 32. Rxa7 1-0